000
003350000a22001450004500
005
20120302064708.0
942
_c
BOOK
100
_a
Ganguly, Anand
245
_a
Teach Yourself Japanese
260
_a
Delhi: Gyan Sagar Publications,2002
300
_a
112 p.
040
_a
Eng
365
_b
Rs.70/ -
650
_a
language/ Japanese
999
_c
362828
_d
362825